00571nam a2200169Ia 4500008004100000020001500041041001200056082001600068100001900084245004400103260003500147300000800182650001700190942000700207999001500214952017200229221030s9999 xx 000 0 und d a0029462673 aEnglish a105.23bPet aH. C. Petersen 0aManagerial Economicscby H. C. Petersen bMcMillan Pub.aNew Delhic1998 a720 aBE Economics cBK c7405d7405 pBE 3838g475.00l0o105.23 Petr2024-06-13 00:00:00w2022-10-30yBK003Print4070aMIETLIBbMIETLIBcBL-Academic Block- A, FL-1, CUP-89, SH-4, R-4d2001-04-2410HBE